<?xml version="1.0" encoding="UTF-8"?><?xml-stylesheet type="text/xsl" href="static/style.xsl"?><OAI-PMH xmlns="http://www.openarchives.org/OAI/2.0/" xmlns:xsi="http://www.w3.org/2001/XMLSchema-instance" xsi:schemaLocation="http://www.openarchives.org/OAI/2.0/ http://www.openarchives.org/OAI/2.0/OAI-PMH.xsd"><responseDate>2026-04-17T11:29:53Z</responseDate><request verb="GetRecord" identifier="oai:www.recercat.cat:10256/26910" metadataPrefix="marc">https://recercat.cat/oai/request</request><GetRecord><record><header><identifier>oai:recercat.cat:10256/26910</identifier><datestamp>2026-01-21T13:29:26Z</datestamp><setSpec>com_2072_452955</setSpec><setSpec>com_2072_2054</setSpec><setSpec>col_2072_452961</setSpec></header><metadata><record xmlns="http://www.loc.gov/MARC21/slim" xmlns:dcterms="http://purl.org/dc/terms/" xmlns:xsi="http://www.w3.org/2001/XMLSchema-instance" xmlns:doc="http://www.lyncode.com/xoai" xsi:schemaLocation="http://www.loc.gov/MARC21/slim http://www.loc.gov/standards/marcxml/schema/MARC21slim.xsd">
   <leader>00925njm 22002777a 4500</leader>
   <datafield ind2=" " ind1=" " tag="042">
      <subfield code="a">dc</subfield>
   </datafield>
   <datafield ind2=" " ind1=" " tag="720">
      <subfield code="a">Viladevall i Valldeperas, Queralt</subfield>
      <subfield code="e">author</subfield>
   </datafield>
   <datafield ind2=" " ind1=" " tag="720">
      <subfield code="a">Alsina, Àngel</subfield>
      <subfield code="e">author</subfield>
   </datafield>
   <datafield ind2=" " ind1=" " tag="720">
      <subfield code="a">Ferrer i Comalat, Joan Carles</subfield>
      <subfield code="e">author</subfield>
   </datafield>
   <datafield ind2=" " ind1=" " tag="260">
      <subfield code="c">2025-04-01</subfield>
   </datafield>
   <datafield ind2=" " ind1=" " tag="520">
      <subfield code="a">The aim of this article is to gather information about the knowledge that 6 to 8-year-old students have regarding partiality in non-binary situations through the presentation of the story Where is he? Based on the reading of the story, two exploratory activities were conducted to evaluate the students' level of understanding of partiality and the quantifiers related to it: 'nothing', 'something', 'quite a bit', and 'a lot'. The results seem to indicate that children of these ages have a good command of using these terms in non-binary contexts. Additionally, the story can also be used to review the first five ordinal numbers and to establish a one-to-one correspondence between different levels of fun and various facial expressions of laughter</subfield>
   </datafield>
   <datafield ind2=" " ind1=" " tag="520">
      <subfield code="a">El objetivo de este artículo es recabar información sobre el conocimiento que tienen los alumnos de 6 a 8 años acerca de la parcialidad en situaciones no binarias mediante la presentación del cuento ¿Dónde está? A partir de la lectura del cuento, se realizaron dos actividades exploratorias para evaluar el nivel de comprensión que los alumnos poseen de la parcialidad y de los cuantificadores relacionados con ella: 'nada', 'algo', 'bastante', y 'muchísimo'. Los resultados parecen indicar que los niños de estas edades tienen un buen dominio del uso de estos términos en contextos no binarios. Además, el cuento también puede servir para repasar los primeros cinco números ordinales y para establecer una relación uno a uno entre diferentes niveles de diversión y expresiones faciales de risa</subfield>
   </datafield>
   <datafield tag="653" ind2=" " ind1=" ">
      <subfield code="a">Matemàtica difusa -- Educació primària</subfield>
   </datafield>
   <datafield tag="653" ind2=" " ind1=" ">
      <subfield code="a">Fuzzy mathematics -- Study and teaching (Primary)</subfield>
   </datafield>
   <datafield tag="653" ind2=" " ind1=" ">
      <subfield code="a">Conjunts borrosos -- Educació primària</subfield>
   </datafield>
   <datafield tag="653" ind2=" " ind1=" ">
      <subfield code="a">Fuzzy sets -- Study and teaching (Primary)</subfield>
   </datafield>
   <datafield tag="653" ind2=" " ind1=" ">
      <subfield code="a">Matemàtica -- Ensenyament -- Study and teaching (Primary)</subfield>
   </datafield>
   <datafield tag="653" ind2=" " ind1=" ">
      <subfield code="a">Mathematics -- Study and teaching (Primary)</subfield>
   </datafield>
   <datafield tag="653" ind2=" " ind1=" ">
      <subfield code="a">Didàctica</subfield>
   </datafield>
   <datafield tag="653" ind2=" " ind1=" ">
      <subfield code="a">Teaching</subfield>
   </datafield>
   <datafield ind2="0" ind1="0" tag="245">
      <subfield code="a">¿Dónde está? Un cuento para el estudio del pensamiento borroso en educación primaria.</subfield>
   </datafield>
</record></metadata></record></GetRecord></OAI-PMH>